000 01633nam a2200337 c 4500
999 _c129853
_d129853
003 BLK
005 20211108131742.0
008 180409b bul|||||r ||||||| ||bul||
010 _aKNG00135598000
040 _aBLK
041 _aBUL
_cBUL
080 _aЗанаятчийски и индустриални камари. Търговски палати
_b334.788.2
_x(497.234)
_z334.788.2(497.234)
139 _aПръв годишен отчет от предс. на Управителния съвет на Бълг. акц. индустриално д-во Захар в Пловдив
_bП 92
245 1 0 _aПръв годишен отчет от предс. на Управителния съвет на Бълг. акц. индустриално д-во "Захар" в Пловдив
_cдокл. Христо Груев Данов.
257 _aBGR
260 _c1896
_fПловдив : печ. Хр. Г. Данов
300 _a72 с.
_bс ил.
_c21 см
380 _a3
490 _9435080
_aКолекция Редки и ценни издания
500 _aИзд. Акц. индустриално д-во Захар - Пловдив.
650 4 _aАкционерни дружества - България
_9246326
651 4 _aБългария
_9241624
651 4 _aПловдив
_9179377
653 _aакционерни дружества
653 _aотчети
700 1 _aДанов, Христо Груев
_eдокл.
_9367565
852 _aРб 896
856 4 _qpdf
856 4 _qpdf
942 _cKNG
_n0
_s1
944 _aCR
_c26.10.2012
_l26.10.2012 - от С1,Р / 26.10.2012
_kНаталия_Медовщикова
944 _aED
_c26.10.2012
_l26.10.2012 - от С1,Р / 26.10.2012
999 _d129853